000 00322nam a2200133Ia 4500
008 190723s9999 xx 000 0 und d
020 _a978-07356-7966-5
100 _aKarl Wiegers
245 0 _aSoftware Requirements
250 _a3rd. Ed.
260 _aWashington
_bMicrosoft Press
_c2013
300 _a637:p
942 _cBK
999 _c1963
_d1963